00234nam a22000857a 4500082002100000100001600021245004800037260004200085300002100127 a343.54910968 ABI aAbid, Adeel aThe Maritime Laws Of Pakistan /cAdeel Abid aKarachi :bPakistan Law House,c2014. a375 p. ;c24 cm.